| 000 | 00418nam a2200169Ia 4500 | ||
|---|---|---|---|
| 005 | 20250425160940.0 | ||
| 008 | 250425s9999 xx 000 0 und d | ||
| 041 | _aspa | ||
| 082 | _a697 | ||
| 100 | _aMISSENARD, ANDRE | ||
| 245 | 0 | _aCURSO SUPERIOR DE CALEFACCION; VENTILACION Y ACONDICIONAMIENTO DE AIRE | |
| 250 | _aS.E. | ||
| 260 | _aS.L. | ||
| 260 |
_aSin Pais _bPARA _c1966 |
||
| 942 | _c01 | ||
| 010 | _a9051 | ||
| 999 |
_c199446 _d199446 |
||